000 00614nam a2200193Ia 4500
003 GCL
008 140319s9999 xx 000 0 ara d
040 _aGCL /
_cGCL
082 0 4 _aق
_b323.11
_bق ى
100 1 _aقاسم عبده قاسم
245 1 0 _aاليهود فى مصر: من الفتح العربى حتى الغزو العثمانى /
_cقاسم عبده قاسم
260 _a[S.N] :
_bدار الفكر للدراسات والنشر والتوزيع
300 _a133 ص
490 _a
650 0 4 _aمصر
650 0 4 _aاليهود فى مصر
650 0 4 _aاليهود
942 _2ddc
_cBK
999 _c51548
_d51548